000 00257nam a2200109Ia 4500
008 220204s9999 xx 000 0 und d
082 _a327
_bFRA
100 _aFrazier, H
245 0 _aUncloaking the CIA
260 _aNew York
_bFree Press
_c1978
942 _cBK
999 _c33287
_d33287